000 00692nam a2200241Ia 4500
003 OSt
005 20220925182836.0
006 a|||||r|||| 00| 0
007 ta
008 220923b |||||||| |||| 00| 0 eng d
037 _cGeneral Book
040 _aRTL
_cRTL
_beng
041 _2eng
_aeng
082 _aY9(W81).1(Q7).N7, M4
100 _aEngineer Asghar Ali Ed.
_941803
245 0 _aIslam and revolution
260 _aDelhi
_bAjanta Publications
_c1984
300 _ax,268p
_ccm.
500 _aBibligraphy chapterwise
650 _aPolitical Sociology
942 _hY9(W81).1(Q7).N7, M4
_cGB
_2CC
999 _c503262
_d503262